| 000 | 00516ntaaa2200193 4500 | ||
|---|---|---|---|
| 003 | 01 | ||
| 005 | 20251027202821.0 | ||
| 008 | 0714s1973 ag 01 | ||
| 040 |
_aAR-BaBN _bspa _cAR-BaBN _eaacr _dRIC |
||
| 082 | _a920.0000 J23 | ||
| 100 |
_aJames, Mrs W.C. _928654 |
||
| 245 | _aFannie E. S. Heck | ||
| 250 | _a1 ed. | ||
| 260 |
_aNashville : _bBroadman Press, _c1949 |
||
| 300 | _a216 p | ||
| 500 | _aThe hidden springs in a rarely useful and victorious life. | ||
| 650 |
_aHeck, Fannie E.S. _928655 |
||
| 942 | _cBK | ||
| 999 |
_c23559 _d23559 |
||